[Event "FISU World University"]
[Site "Tornelo INT"]
[Date "2020.10.27"]
[Round "5.28"]
[White "Sharshenbiev, Adil"]
[Black "Dos Santos, Lucas Vinicius Mont"]
[Result "1-0"]
[WhiteElo "1845"]
[BlackElo "1938"]
[PlyCount "47"]
[EventDate "2020.10.26"]
[EventType "team-swiss (rapid)"]
[EventRounds "9"]
[EventCountry "NET"]
[SourceTitle "CBM 199 Extra"]
[Source "ChessBase"]
[SourceDate "2021.01.31"]
[SourceVersion "1"]
[SourceVersionDate "2021.01.31"]
[SourceQuality "1"]
[WhiteTeam "Kyrgyzstan"]
[BlackTeam "Brazil III"]
[WhiteTeamCountry "KGZ"]
[BlackTeamCountry "BRA"]

1. d4 Nf6 2. Bf4 g6 3. Nc3 Bg7 4. e4 d6 5. Qd2 0-0 6. 0-0-0 c6 7. f3 b5 8. Bh6 b4 9. Nb1 Ba6 10. Bxa6 Nxa6 11. h4 Qa5 12. g4 Kh8 13. Bxg7+ Kxg7 14. h5 g5 15. e5 Nd5 16. Qxg5+ Kh8 17. exd6 exd6 18. Qh6 Qc7 19. g5 Qe7 20. Nd2 Nac7 21. Ne4 Ne3 22. g6 fxg6 23. Qxe3 d5 24. hxg6 1-0

[Event "FISU World University"]
[Site "Tornelo INT"]
[Date "2020.10.26"]
[Round "2.28"]
[White "Da Silva, Francisco Iran Sant"]
[Black "Dos Santos, Lucas Vinicius Mont"]
[Result "1-0"]
[WhiteElo "1825"]
[BlackElo "1938"]
[PlyCount "49"]
[EventDate "2020.10.26"]
[EventType "team-swiss (rapid)"]
[EventRounds "9"]
[EventCountry "NET"]
[SourceTitle "CBM 199 Extra"]
[Source "ChessBase"]
[SourceDate "2021.01.31"]
[SourceVersion "1"]
[SourceVersionDate "2021.01.31"]
[SourceQuality "1"]
[WhiteTeam "Brazil V"]
[BlackTeam "Brazil III"]
[WhiteTeamCountry "BRA"]
[BlackTeamCountry "BRA"]

1. e4 c5 2. Nc3 Nc6 3. f4 e6 4. Nf3 Nge7 5. Bb5 a6 6. Bxc6 bxc6 7. 0-0 g6 8. d3 Bg7 9. Na4 Qa5 10. c4 d6 11. e5 dxe5 12. fxe5 0-0 13. Bd2 Qc7 14. Qe2 Rb8 15. Bc3 Rd8 16. Nxc5 Nf5 17. Ne4 Qe7 18. g4 Nh6 19. h3 c5 20. Nf6+ Bxf6 21. exf6 Qd6 22. Be5 Qb6 23. Qe3 Kh8 24. Qxh6 Rg8 25. Ng5 1-0

[Event "BRA-ch U26"]
[Site "Brasilia"]
[Date "2019.04.24"]
[Round "2"]
[White "Dos Santos, Reyonne Nathan Cabr"]
[Black "Dos Santos, Lucas Vinicius Mont"]
[Result "0-1"]
[WhiteElo "1800"]
[BlackElo "1938"]
[PlyCount "62"]
[EventDate "2019.04.23"]
[EventType "swiss"]
[EventRounds "7"]
[EventCountry "BRA"]
[SourceTitle "CBM 190 Extra"]
[Source "ChessBase"]
[SourceDate "2019.07.15"]
[SourceVersion "1"]
[SourceVersionDate "2019.07.15"]
[SourceQuality "1"]

1. e4 c5 2. Nf3 Nc6 3. d4 cxd4 4. Nxd4 e5 5. Nxc6 bxc6 6. Nc3 Nf6 7. Bc4 Bb4 8. Qe2 Qa5 9. Bd2 0-0 10. a3 d5 11. Ba2 Bxc3 12. Bxc3 Qc7 13. f3 a5 14. Qe3 d4 15. Bxd4 exd4 16. Qxd4 Rd8 17. Qc3 Ba6 18. Qe3 Qe5 19. Rb1 Rab8 20. c3 Nd5 21. Bxd5 cxd5 22. Kf2 dxe4 23. Rhe1 Bd3 24. f4 Qh5 25. Rbd1 Rxb2+ 26. Kg1 Qg4 27. g3 Qh3 28. Rd2 Rdb8 29. Red1 Rxd2 30. Qxd2 h5 31. Qf2 e3 0-1

[Event "Belem Gambito da Dama op 1st U2000"]
[Site "Belem"]
[Date "2018.02.04"]
[Round "5.3"]
[White "Dos Santos, Lucas Vinicius Mont"]
[Black "Do Amaral, Mair Augusto Cunha"]
[Result "1-0"]
[WhiteElo "1882"]
[BlackElo "1829"]
[PlyCount "85"]
[EventDate "2018.02.12"]
[EventType "swiss"]
[EventRounds "5"]
[EventCountry "BRA"]
[SourceTitle "EXT 2022"]
[Source "ChessBase"]
[SourceDate "2021.10.06"]
[SourceVersion "1"]
[SourceVersionDate "2021.10.06"]
[SourceQuality "1"]

1. d4 Nf6 2. c4 e6 3. Nf3 b6 4. Nc3 Bb4 5. Bg5 h6 6. Bh4 0-0 7. a3 Be7 8. e3 Bb7 9. Bd3 d5 10. cxd5 exd5 11. 0-0 Ba6 12. Bxa6 Nxa6 13. Qd3 Nb8 14. Rac1 c6 15. Ne5 Ne4 16. Bxe7 Qxe7 17. Nxe4 dxe4 18. Qc2 c5 19. Qxe4 Nd7 20. Qd5 Nxe5 21. Qxe5 Qxe5 22. dxe5 Rfe8 23. f4 Rad8 24. Rcd1 Kf8 25. Kf2 g5 26. Kf3 Ke7 27. Kg4 gxf4 28. exf4 Rg8+ 29. Kf3 Ke6 30. g4 b5 31. h3 f6 32. exf6 Kxf6 33. h4 Rge8 34. g5+ hxg5 35. fxg5+ Kg6 36. Rxd8 Rxd8 37. Kg4 Rd4+ 38. Rf4 Rd2 39. h5+ Kg7 40. h6+ Kg6 41. Rf6+ Kh7 42. Rf7+ Kg6 43. Rg7# 1-0

[Event "Belem Gambito da Dama op 1st U2000"]
[Site "Belem"]
[Date "2018.02.02"]
[Round "1.4"]
[White "Dos Santos, Lucas Vinicius Mont"]
[Black "Medeiros, Jose Eduardo Guimar"]
[Result "1-0"]
[WhiteElo "1882"]
[BlackElo "1758"]
[PlyCount "79"]
[EventDate "2018.02.12"]
[EventType "swiss"]
[EventRounds "5"]
[EventCountry "BRA"]
[SourceTitle "EXT 2022"]
[Source "ChessBase"]
[SourceDate "2021.10.06"]
[SourceVersion "1"]
[SourceVersionDate "2021.10.06"]
[SourceQuality "1"]

1. d4 Nf6 2. c4 e6 3. Nf3 b6 4. Bg5 Bb7 5. e3 Be7 6. Nc3 0-0 7. Bd3 d5 8. cxd5 exd5 9. Rc1 Ne4 10. h4 Nd7 11. Qc2 f5 12. Bf4 c5 13. Nb5 c4 14. Bxe4 fxe4 15. Ng5 Bxg5 16. hxg5 Rf7 17. Nd6 Rxf4 18. exf4 Bc6 19. Nf5 Qf8 20. g4 g6 21. Nh6+ Kh8 22. f5 Qe8 23. Qc3 Nf8 24. Qg3 Qe7 25. Rc3 Re8 26. Qe5+ Qxe5 27. dxe5 b5 28. Rh2 d4 29. Rch3 Kg7 30. Kd2 b4 31. e6 c3+ 32. Kc1 d3 33. f6+ Kh8 34. b3 Rxe6 35. Nf7+ Kg8 36. Nd8 Rd6 37. f7+ Kg7 38. Rxh7+ Nxh7 39. Ne6+ Rxe6 40. Rxh7+ 1-0